Top 10 Girl Names Ending in 'E' per Decade Quiz Stats

Quiz Updated Apr 4, 2015

Challenge
Share
Tweet
Embed
Score 0/130 Timer 08:00
15 Plays Today
Decade Name % Correct
1890sMarie
78.9%
1900sMarie
78.9%
1910sMarie
78.9%
1920sMarie
78.9%
1930sMarie
78.9%
1940sMarie
78.9%
1940sJane
73.1%
1950sJane
72.8%
1910sCatherine
67.9%
1920sCatherine
67.9%
1930sCatherine
67.9%
1940sCatherine
67.9%
1950sCatherine
67.9%
1960sCatherine
67.9%
1980sKatherine
67.2%
1990sKatherine
67.2%
2000sKatherine
67.2%
1880sAnnie
65.2%
1890sAnnie
65.2%
1900sAnnie
65.2%
1920sAnnie
65.2%
1930sAnnie
65.2%
1950sJulie
64.1%
1960sJulie
64.1%
1970sJulie
64.1%
1980sJulie
64.1%
1880sGrace
60.9%
1890sGrace
60.9%
1900sGrace
60.9%
1910sGrace
60.9%
2000sGrace
60.9%
1940sDiane
60.7%
1950sDiane
60.7%
1960sDiane
60.7%
1890sRose
60.1%
1900sRose
60.1%
1910sRose
60.1%
1920sRose
60.1%
1930sRose
60.1%
1950sChristine
59.5%
1960sChristine
59.5%
1970sChristine
59.5%
1980sChristine
59.5%
1960sMichelle
58.3%
Decade Name % Correct
1970sMichelle
58.3%
1980sMichelle
58.3%
1990sMichelle
58.3%
1880sAlice
56.6%
1890sAlice
56.6%
1900sAlice
56.6%
1910sAlice
56.6%
1920sAlice
56.6%
1930sAlice
56.6%
1940sAlice
56.6%
1960sStephanie
55.8%
1970sStephanie
55.8%
1980sStephanie
55.8%
1990sStephanie
55.8%
2000sStephanie
55.6%
1980sKatie
54.6%
2000sNicole
51.9%
1970sNicole
51.9%
1980sNicole
51.9%
1990sNicole
51.9%
2000sChloe
49.2%
1970sDanielle
47.9%
1980sDanielle
47.9%
1990sDanielle
47.9%
1880sCarrie
47.5%
1970sCarrie
47.5%
1980sNatalie
45.5%
1990sNatalie
45.5%
2000sNatalie
45.5%
1900sIrene
44.8%
1910sIrene
44.8%
1920sIrene
44.8%
1900sLouise
44.5%
1910sLouise
44.5%
1920sLouise
44.5%
1930sLouise
44.5%
1940sElaine
42.3%
1950sDenise
41.9%
1960sDenise
41.9%
1970sDenise
41.9%
1960sDebbie
41.4%
1880sMinnie
38.9%
1890sMinnie
38.9%
1910sJosephine
38.5%
Decade Name % Correct
1920sJosephine
38.5%
1960sJacqueline
37.2%
1930sJanice
36.8%
1940sJanice
36.8%
1950sJanice
36.8%
1990sGabrielle
36.6%
1880sFlorence
36%
1890sFlorence
36%
1900sFlorence
36%
1910sFlorence
36%
1920sFlorence
36%
1940sBonnie
34.9%
1950sBonnie
34.9%
1970sJamie
34.1%
1980sJamie
34.1%
1880sBessie
33.5%
1890sBessie
33.5%
1900sBessie
33.5%
1960sMichele
33.1%
1970sMichele
33.1%
1930sJoyce
32.4%
1940sJoyce
32.4%
1950sJoyce
32.4%
1990sJasmine
32.3%
2000sJasmine
32.3%
1940sConnie
32.1%
1950sConnie
32.1%
1880sNellie
32.1%
1910sLucille
30.8%
2000sKaylee
30.5%
1880sGertrude
29.5%
1890sGertrude
29.5%
1900sGertrude
29.5%
1990sBrooke
28.8%
2000sBrooke
28.8%
1990sPaige
26%
1920sMarjorie
24.9%
1930sMarjorie
24.9%
1880sMaude
23.4%
1930sGeraldine
21.9%
2000sMackenzie
21%
1890sMyrtle
19.3%

You're not logged in!

Compare scores with friends on all Sporcle quizzes.
Join for Free
OR
Log In

You Might Also Like...

Show Comments

Extras

Top Quizzes Today


Score Distribution

Your Account Isn't Verified!

In order to create a playlist on Sporcle, you need to verify the email address you used during registration. Go to your Sporcle Settings to finish the process.

Report this User

Report this user for behavior that violates our Community Guidelines.

Details: